English idioms theory and applications

Uložené v:
Podrobná bibliografia
Hlavný autor: Kvetko, Pavol
Korporativný autor: Univerzita sv. Cyrila a Metoda v Trnave. Filozofická fakulta
Médium: Kniha
Jazyk:English
Slovak
Vydavateľské údaje: Trnava Univerzita sv. Cyrila a Metoda v Trnave 2015
Vydanie:1. vyd.
Predmet:
Tagy: Pridať tag
Žiadne tagy, Buďte prvý, kto otaguje tento záznam!

MARC

LEADER 00000nam a2200000 4500
001 0234807
005 20240314085713.6
020 |a 978-80-8105-660-4 
041 0 |a eng 
041 0 |a slo 
044 |a SK 
245 1 0 |a English idioms  |b theory and applications  |c Pavol Kvetko 
250 |a 1. vyd. 
264 1 |a Trnava  |b Univerzita sv. Cyrila a Metoda v Trnave  |c 2015 
300 |a 208 s. 
610 2 0 |a jazykoveda 
610 2 0 |a terminológia 
610 2 0 |a jazyky cudzie 
610 2 0 |a pojmy 
610 2 0 |a angličtina 
100 1 |a Kvetko, Pavol 
710 2 |a Univerzita sv. Cyrila a Metoda v Trnave. Filozofická fakulta